01054 a2200181 45000010006000000050017000060080041000230030015000640400040000790800191001192450082003102640028003923000019004205050297004390410008007361000029007448560099007736372120260407155935.0260407a2025 arg spa dAR-UNSa-BCEJYS aAR-UNSa-BCEJYSbspacAR-UNSa-BCEJYS a343.54xDelitos contra las buenas costumbres, la familia y la moralidad (Abusos deshonestos. Rapto. Delitos sexuales contra disminuidos psíquicos. Abuso de la tutela. (Acoso sexual)) 10aAbuso sexual en las infancias y adolescenciaspAbordaje psicológico y legal 1aMendoza :b[s.e.]c2025 a180 p.c21 cm. a1. Maltrato infantil – 2. El abuso sexual – 3. Abuso s3xual infantil – 4. Medidas prácticas para actuar ante la sospecha – 5. Normativa legal. Su problemática – 6. La cámara gesell – 7. Referencias jurídicas relevantes – 8. Estudios neurológicos sobre abusadores –  aspa1 aBenaroya, Sergio Gustavo41uhttps://www.biblioeco.unsa.edu.ar/pmb/images/libros/L129428.jpgyImagen de portadaqimage/jpeg